| 000 | 00612nmm a2200193Ia 4500 | ||
|---|---|---|---|
| 008 | 251105s9999||||xx |||||||||||||||||und|| | ||
| 020 | _a8479088311 | ||
| 041 | _aspa | ||
| 100 | _aCoffey, A. | ||
| 245 | 0 |
_aEncontrar el sentido a los datos cualitativos : _b Estrategias complementarias de investigación |
|
| 264 |
_a[Madrid, España] : _bPublicaciones de la Universidad de Alicante, _c2005 |
||
| 300 | _a264 páginas | ||
| 490 | _aCiencias de la Salud | ||
| 650 | _aSociology | ||
| 700 | _aCoffey, A. | ||
| 700 | 1 | _a Atkinson, P. | |
| 856 | _uhttps://public.digitaliapublishing.com/a/626 | ||
| 942 | _cCF | ||
| 999 |
_c64064 _d64064 |
||